000 01327nam a2200337 i 4500
003 EG-GICUC
005 20260121101415.0
008 251202s1999 ua ||||fr|||| 00| 0 ara d
017 _a1999/4312
020 _a9770425869
040 _a EG-GICUC
_bara
_c EG-GICUC
_d EG-GICUC
_erda
041 0 _aara
082 0 4 _221
_a343.452
_bم ح . أ
092 0 4 _221
099 _aLaw1 10 343.452 م ح . أ 1 ed - 1999
100 0 _aمحمد عبد الشافي إسماعيل
_eمؤلف.
245 1 2 _aالإعلانات التجارية الخادعة ومدى الحماية التي يكفلها المشرع الجنائي للمستهلك /
_cالدكتور محمد عبد الشافي إسماعيل.
250 _aالطبعة الاولى
264 1 _aالقاهرة :
_bدار النهضة العربية،
_c1999.
300 _a212 صفحة ؛
_c24 سم.
336 _2rda content
_atext
337 _2rda media
_aComputer
338 _2rda carrier
_aOnline Resource
504 _a. 192-202 ببليوجرافيا: صفحات
546 _aالنص باللغة العربية
650 1 4 _aالإعلانات الكاذبة والمضللة
650 1 4 _aالقانون الجنائي
856 4 0 _uhttps://fll.law.cu.edu.eg/fulltext/bks/B10-05328.pdf
905 _a77
_eHassnaa
942 _2ddc
_cBK
_e21
_n0
999 _c47840
_d47840